Geography Quiz

Random Geography or State Quiz

Cities containing states, by state Quiz Stats

 Plays Quiz not verified by Sporcle

Score 0/36 Timer 05:00
0 Plays Today
State City % Correct
District of ColumbiaWashington
82.2%
GeorgiaWashington
82.2%
IllinoisWashington
82.2%
North CarolinaWashington
82.2%
UtahWashington
82.2%
OklahomaOklahoma City
81%
New YorkNew York
80.6%
MinnesotaVirginia
75.5%
KansasKansas City
74.7%
MissouriKansas City
74.7%
PennsylvaniaIndiana
73.5%
LouisianaIowa
71.5%
ColoradoColorado Springs
61.3%
IowaIowa City
58.9%
OhioDelaware
56.1%
IndianaIndianapolis
54.9%
North DakotaMichigan City
48.6%
VirginiaVirginia Beach
48.2%
State City % Correct
OregonOregon City
40.7%
IdahoIdaho Falls
39.5%
FloridaFlorida City
38.3%
ArkansasArkansas City
35.2%
NebraskaNebraska City
33.6%
DelawareDelaware City
24.1%
MontanaVirginia City
23.7%
MichiganWyoming
22.9%
TexasMissouri City
20.2%
ArizonaColorado City
19%
AlaskaUnalaska
9.1%
New JerseyWest New York
7.1%
WisconsinWisconsin Rapids
2.8%
CaliforniaHawaiian Gardens
1.6%
KentuckyMount Washington
1.6%
AlabamaGeorgiana
1.2%
TennesseeTennessee Ridge
1.2%
MarylandWashington Grove
0.4%

You're not logged in!

Compare scores with friends on all Sporcle quizzes.
OR
Log In

Show Comments

Extras

Top Quizzes Today


Score Distribution

Your Account Isn't Verified!

In order to create a playlist on Sporcle, you need to verify the email address you used during registration. Go to your Sporcle Settings to finish the process.

Report this User

Report this user for behavior that violates our Community Guidelines.

Details: